000 00307nam a2200121Ia 4500
008 191201s2019 xx 000 0 und d
100 _aNIIT
245 0 _aDeveloping Web Applications with Visual Basic.NET and ASP.NET
260 _aN. Delhi
_bPHI
300 _a585
650 _aB.Tech(CSE)
942 _2ddc
_cBK
999 _c5586
_d5586